000
00299nam a22001217a 4500
082
_a
621.384 SLU'E
100
_a
OSTERHELD, WILLIAM ,SLURZBERG, MORRIS
_9
57515
245
_a
ESSENTAIL OF RADIO ELECTRONICS
250
_a
2ND
260
_a
NEWYORK
_b
MCGRAW HILL
_c
1961
300
_a
716P
942
_c
BK
999
_c
568496
_d
568496